| 000 | 00545nam a2200205Ia 4500 | ||
|---|---|---|---|
| 005 | 20241129110230.0 | ||
| 008 | 241129s9999||||xx |||||||||||||| ||und|| | ||
| 037 | _aTB | ||
| 040 |
_aARTS _beng _cARTS |
||
| 041 |
_aeng _2urd |
||
| 084 |
_aO168,6N30x R0 _qARTS |
||
| 100 | _aFatmi Ali Ahmad Au. | ||
| 245 | 0 |
_aSayed Mohammad Aqeel: ustad aur naqqad _cFatmi Ali Ahmad Au. |
|
| 260 | _c2013 | ||
| 300 | _a198p. | ||
| 365 |
_aINR _b250 |
||
| 650 |
_aUrdu Prose _926866 |
||
| 942 |
_cTB _hO168,6N30x R0 |
||
| 999 |
_c1227816 _d1227816 |
||